000 00340nam a22001457a 4500
008 250228b |||||||| |||| 00| 0 eng d
020 _a9780323390569
050 _aRE46
_b.F75
100 _aFriedman Neil J
245 _aReview of Ophthalmology
250 _a3rd
260 _aNew York
_bElsevier
_c2018
300 _aVii,413p
942 _cBK
999 _c2011
_d2011